000 00444nam a22001697a 4500
003 NUST - PNEC
005 20170116181007.0
008 150912b xxu||||| |||| 00| 0 eng d
020 _a9788126515608
040 _cLIBRARY
082 _a621.3821 LIN
100 _99852
_aYi Bing Lin
245 _aWireless and mobile network architectures
_cYi-Bing Lin
260 _c-
650 _99857
_aWireless and moblie network
_xMIS
942 _2ddc
_cBK
999 _c66911
_d66911